| 000 | 01889nam a2200397 c 4500 | ||
|---|---|---|---|
| 003 | BLK | ||
| 005 | 20180420214631.0 | ||
| 008 | 180412b bul|||||r ||||||| ||bul|| | ||
| 010 | _aKNG00012839000 | ||
| 020 |
_a954-8823-06-3 _bиздат.: Македония прес |
||
| 040 | _aBLK | ||
| 041 |
_aBUL _cBUL |
||
| 080 |
_aТрета българска държава (от 1878) _b94(497.2)"1878..." _x _z94(497.2)"1878..." |
||
| 100 | 1 |
_aКаракачанов, Красимир _eпърви автор _9244835 |
|
| 700 | 1 |
_aНиколов, Иван _eсъавт. _gИванов, Иван Николов _9253214 |
|
| 139 |
_aКаракачанов, Красимир и др. _bK 32 |
||
| 245 | 1 | 0 |
_aВМРО _b100 г. борба за Македония _cКрасимир Каракачанов; съавт. Иван Николов. |
| 250 | _a2. доп. и прераб. изд | ||
| 257 | _aBGR | ||
| 260 |
_аСофия _bМакедония прес _c1996 |
||
| 300 |
_a224 с. _bс портр., ил., факс. _c20 см |
||
| 380 | _a9 | ||
| 500 | _aДеп. списък: 21 1. изд. 1994 изд. на ВМРО-СМД ; Библиогр. с. 218-222 Съдържа и Историята на ВМРО като оръжие от познания / Ив. Николов Геогр. руб.: България | ||
| 504 | _a218-222 | ||
| 650 | 4 |
_aВътрешна македонска революционна организация _9244834 |
|
| 650 | 4 |
_aНационалноосвободително движение - България _9242410 |
|
| 650 | 4 |
_aМакедонски въпрос _9242249 |
|
| 651 | 4 |
_aБългария _9241624 |
|
| 653 | _aВМРО | ||
| 653 | _aмакедонски въпрос | ||
| 852 | _aЦб 189253 | ||
| 856 | 4 |
_qpdf _u |
|
| 856 | 4 |
_qpdf _u |
|
| 942 |
_cKNG _n0 |
||
| 944 |
_aCR _c15.01.2003 _kАДМИНИСТРАТОР_НА_АБ |
||
| 944 |
_aED _c20.12.2016 _kСечил_Томаш |
||
| 999 |
_c11305 _d11305 |
||